| 000 | 01961nam a2200325Ia 4500 | ||
|---|---|---|---|
| 999 |
_c55598 _d55598 |
||
| 001 | 22693 | ||
| 003 | GE_BSU | ||
| 005 | 20230418172757.0 | ||
| 008 | 181216s ||||ge |||||||||||||| ||geo|| | ||
| 020 | _a9789941956560 | ||
| 040 | _cGE_BSU | ||
| 041 | _ageo | ||
| 080 | _a005.932+338 ჭ-46 | ||
| 100 |
_aჭილაია, ნინო _95506 |
||
| 245 |
_aმიწოდების ხარჯების მინიმიზაციისა და საწარმოო ლოჯისტიკური პოტენციალის ოპტიმიზაციის სტრატეგიები გლობალურ ბიზნესში : _bმონოგრაფია / _cნინო ჭილაია ; სამეცნ.რედ. : რეზო მანველიძე, ბადრი გეჩბაია. |
||
| 264 |
_aთბილისი : _bკალმოსანი, _c2018. |
||
| 300 |
_a248 გვ. ; _c21 სმ. |
||
| 500 | _aდამატებითი სათაური ინგისურ ენაზე | ||
| 501 | _aდანართი გვ. : 235-239 | ||
| 504 | _aბიბლიოგრ. : გვ.221-234 | ||
| 520 | _aრეზუმე ინგლისურ ენაზე | ||
| 541 | _h5ლ. | ||
| 653 | _aბიზნესი | ||
| 653 | _aმენეჯმენტი | ||
| 653 | _aმიწოდების ხარჯების მინიმიზაციისა და საწარმოო ლოჯისტიკური პოტენციალის ოპტიმიზაციის სტრატეგიები გლობალურ ბიზნესში | ||
| 653 | _aმონოგრაფია | ||
| 700 |
_aმანველიძე, რეზო _eრედაქტორი _91497 |
||
| 700 |
_aგეჩბაია, ბადრი _eრედაქტორი _917668 |
||
| 942 |
_cBK _2udc |
||